North Carolina Railroad Quiz - Statistics

General Stats
  • This quiz has been taken 4 times
  • The average score is 7 of 13
Answer Stats
Clue Answer % Correct
Service jointly run by Amtrak and NCDOT The Piedmont
100%
The Carolinian runs from Charlotte to New York City
75%
State Owned Railroad that stretches across the state North Carolina Railroad
75%
Year the oldest car on the service above was built 1950
50%
Charlottes Light Rail Line Blue Line
50%
Class One Railroads CSX
50%
Least Used Amtrak Station in NC Gastonia
50%
Which Station has the code HAM Hamlet
50%
Location of the Siemens Passenger Car factory Lexington
50%
Class One Railroads Norfolk Southern
50%
Location of the NC Transportation Museum Spencer
50%
This train runs through central NC and was featured in an REM song The Crescent
50%
Class of Locomotive NCDOT owns EMD F59
25%
No matching quizzes found
Score Distribution
Percent of People with Each Score
Percentile by Number Answered
Your Score History
You have not taken this quiz